zpět

Detail výsledku týmu

Hospoda U Stolínů, Nový Bydžov

Datum a čas kvízu

28 Celkem bodů Celkový počet nahraných bodů na tomto kvízu bez doplňovacích otázek.
4. Pořadí na kvízu Konečné umístění týmu na tomto kvízu.

Zaznamenané odpovědi

# Otázka Odpověď Body Výsledky
1. Minulou středu sněmovna schvál... Od roku 2027. 0
2. Vláda jednoho z karibských ost... Barbados 0
3. Na rozdíl od dob socialismu se... Máša a medvěd 0
4. Další z obchodních řetězců pů... Lidl 1
5. Jak se jmenuje vítěz mužské dv... Dominic Thiem 0
6. Po dějinách Ukrajiny, které js... Arpádovci 1
7. Jak se nazývá město v jižním M... Moháč 1
8. Jak se jmenoval dočasný státní... Maďarská republika rad 1
9. Období mezi lety 1969–1989 v M... János Kádár 1
10. Napište šestipísmennou zkratku... Fidesz 0